[Event "XXVI Ogolnopolska Olimpiada Mlodziezy"]
[Site "Pulawy"]
[Date "2020.10.11"]
[Round "9.10"]
[White "Maslanka, Wojciech"]
[Black "Madej, Marek"]
[Result "0-1"]
[WhiteElo "1824"]
[BlackElo "1835"]
[PlyCount "112"]
[EventDate "2020.10.04"]
[EventType "swiss"]
[Tiebreak "Sum of Buchholz+Median1 Buchholz+Sonneborn-Berger (Swiss)"]

1. e4 c6 2. d4 d5 3. exd5 cxd5 4. Bd3 Nc6 5. c3 e6 6. Nf3 Bd6 7. O-O Nge7 8.
Re1 O-O 9. Ng5 h6 10. Nh7 Re8 11. Nf6+ gxf6 12. Qg4+ Kh8 13. Qh5 Nf5 14. Bxh6
Kg8 15. Qg4+ Kh8 16. Bxf5 Rg8 17. Qh3 Rg6 18. Bxg6 fxg6 19. Bf4+ Kg8 20. Bxd6
Qxd6 21. Qg3 Qxg3 22. hxg3 Kf7 23. Nd2 Bd7 24. Nb3 b6 25. Rec1 a5 26. c4 a4 27.
cxd5 exd5 28. Nd2 Nxd4 29. Rc7 Ke6 30. Rb7 Kd6 31. Rxb6+ Bc6 32. Nf3 Nxf3+ 33.
gxf3 Kc5 34. Rxc6+ Kxc6 35. Rc1+ Kd6 36. Kf1 Rb8 37. Rb1 Rc8 38. Re1 Rc2 39.
Re2 Rc1+ 40. Kg2 Ra1 41. a3 d4 42. f4 Kd5 43. Kf3 d3 44. Re8 Kc4 45. Rc8+ Kb3
46. Ke3 Kxb2 47. Kxd3 Rxa3+ 48. Kd2 Rf3 49. Rb8+ Rb3 50. Rc8 a3 51. Rc2+ Kb1
52. Rc1+ Ka2 53. Kc2 Rb2+ 54. Kc3 Rxf2 55. Rc2+ Rxc2+ 56. Kxc2 f5 0-1

[Event "XXVI Ogolnopolska Olimpiada Mlodziezy"]
[Site "Pulawy"]
[Date "2020.10.11"]
[Round "9.10"]
[White "Slusarczyk, Anna"]
[Black "Popczynska, Maja"]
[Result "0-1"]
[WhiteElo "1330"]
[BlackElo "1339"]
[PlyCount "80"]
[EventDate "2020.10.04"]
[EventType "swiss"]
[Tiebreak "Sum of Buchholz+Median1 Buchholz+Sonneborn-Berger (Swiss)"]

1. d4 c5 2. d5 e5 3. e4 d6 4. f4 Nd7 5. Nf3 exf4 6. Bxf4 Be7 7. Qd2 f6 8. h3
Ne5 9. Be2 Qb6 10. Nc3 Bd7 11. O-O Bd8 12. a4 a6 13. Nh4 Ne7 14. Bxe5 fxe5 15.
a5 Qa7 16. Kh1 Ng6 17. Nf5 Bxf5 18. exf5 Nf4 19. Bg4 Bg5 20. Ne4 Be7 21. g3 h5
22. Bf3 Nxh3 23. Bg2 h4 24. Bxh3 hxg3 25. Kg2 Rh4 26. Rae1 Kd7 27. f6+ Rxh3 28.
Kxh3 Rh8+ 29. Kxg3 gxf6 30. Nxf6+ Bxf6 31. Rxf6 Qb8 32. Rf7+ Ke8 33. Qf2 Qc8
34. Qf6 Qh3+ 35. Kf2 Qh2+ 36. Kf1 Qh1+ 37. Ke2 Rh2+ 38. Kd1 Qxd5+ 39. Kc1 Qd2+
40. Kb1 Qxc2+ 0-1

[Event "XXVI Ogolnopolska Olimpiada Mlodziezy"]
[Site "Pulawy"]
[Date "2020.10.11"]
[Round "9.11"]
[White "Bancarewicz, Aleks"]
[Black "Dziewonski, Dariusz"]
[Result "1/2-1/2"]
[WhiteElo "1757"]
[BlackElo "2014"]
[PlyCount "158"]
[EventDate "2020.10.04"]
[EventType "swiss"]
[Tiebreak "Sum of Buchholz+Median1 Buchholz+Sonneborn-Berger (Swiss)"]

1. e4 c5 2. Nf3 e6 3. d4 cxd4 4. Nxd4 Nf6 5. Nc3 Nc6 6. Ndb5 Bb4 7. a3 Bxc3+ 8.
Nxc3 d5 9. exd5 exd5 10. Bd3 O-O 11. O-O d4 12. Ne2 Bg4 13. f3 Bh5 14. Bg5 Qd6
15. Qd2 Bg6 16. Rad1 Rad8 17. Bxg6 hxg6 18. Be3 Rfe8 19. Nxd4 Rxe3 20. Qxe3
Nxd4 21. c3 Qe6 22. Kf2 Qxe3+ 23. Kxe3 Nf5+ 24. Kf2 Re8 25. Rfe1 Rxe1 26. Kxe1
Kf8 27. Rd8+ Ke7 28. Rb8 Nd6 29. c4 Nd7 30. Ra8 a6 31. b3 Ne5 32. Kd2 Kd7 33.
Rg8 Ne8 34. Kc3 b6 35. a4 a5 36. b4 axb4+ 37. Kxb4 Nd6 38. Rxg7 Nexc4 39. h4
Ne5 40. g4 Nxf3 41. h5 Ng5 42. h6 Ke6 43. h7 Nxh7 44. Rxh7 f5 45. Rh6 Kf6 46.
gxf5 Kxf5 47. Rh8 g5 48. Rb8 g4 49. Rxb6 Nc8 50. Rb8 Ne7 51. Kc5 g3 52. Rb1 Kf4
53. Kd6 Nf5+ 54. Kc6 g2 55. a5 Nd4+ 56. Kb6 Nf5 57. Rg1 Kf3 58. Kc7 Nd4 59. Kb6
Nf5 60. Kc6 Nd4+ 61. Kb7 Nb5 62. Kb6 Nd6 63. Kc7 Nb5+ 64. Kb8 Kf2 65. Rxg2+
Kxg2 66. Kb7 Kf3 67. Kb6 Nd6 68. Kc6 Nc8 69. Kb7 Nd6+ 70. Kc7 Nb5+ 71. Kb6 Nd6
72. a6 Nc8+ 73. Kc7 Na7 74. Kb7 Nb5 75. Kb6 Nd6 76. Kc6 Nc8 77. Kb7 Nd6+ 78.
Kb8 Nb5 79. a7 Nxa7 1/2-1/2

[Event "XXVI Ogolnopolska Olimpiada Mlodziezy"]
[Site "Pulawy"]
[Date "2020.10.11"]
[Round "9.11"]
[White "Micula, Jakub"]
[Black "Krasniewski, Maciej"]
[Result "1-0"]
[WhiteElo "1370"]
[BlackElo "1525"]
[PlyCount "153"]
[EventDate "2020.10.04"]
[EventType "swiss"]
[Tiebreak "Sum of Buchholz+Median1 Buchholz+Sonneborn-Berger (Swiss)"]

1. e4 c5 2. Nf3 e6 3. g3 Nc6 4. Bg2 g6 5. O-O Bg7 6. Re1 d6 7. c3 e5 8. d3 Nge7
9. Be3 O-O 10. d4 cxd4 11. cxd4 Bg4 12. d5 Nd4 13. Bxd4 exd4 14. Nbd2 f5 15. h3
Bxf3 16. Nxf3 f4 17. g4 Qb6 18. Qd2 Rac8 19. Ng5 Rc4 20. Ne6 Rb4 21. b3 Rf7 22.
Rac1 Be5 23. Bf3 a5 24. Rc7 a4 25. Rec1 h6 26. Bd1 g5 27. Rd7 Bf6 28. Rcc7 axb3
29. Bxb3 Rxb3 30. axb3 Qxb3 31. Kg2 Qb1 32. f3 b6 33. Rb7 Kh7 34. Rxd6 Qb3 35.
Rdxb6 Qe3 36. Qxe3 fxe3 37. Rb3 Be5 38. Rd7 Kg6 39. Rd3 h5 40. Nxd4 hxg4 41.
hxg4 Rh7 42. Nc6 Rh2+ 43. Kg1 Nxc6 44. dxc6 Rc2 45. Rxe3 Rxc6 46. Ra3 Bf4 47.
Rad3 Kf6 48. Kf1 Rc1+ 49. Ke2 Rc2+ 50. Ke1 Rc1+ 51. Rd1 Rc3 52. R1d3 Rc1+ 53.
Ke2 Rc2+ 54. Rd2 Bxd2 55. Rxd2 Rc3 56. Rd3 Rc4 57. Ke3 Ra4 58. Rd6+ Ke5 59.
Rd5+ Kf6 60. Rf5+ Kg6 61. e5 Rb4 62. Rf6+ Kg7 63. Rd6 Kf7 64. Rd4 Rb1 65. Ke4
Re1+ 66. Kf5 Re3 67. f4 gxf4 68. Rxf4 Ra3 69. g5 Ra6 70. Rd4 Ra7 71. e6+ Ke7
72. Rd7+ Rxd7 73. exd7 Kxd7 74. Kf6 Ke8 75. Kg7 Ke7 76. g6 Ke8 77. Kh7 1-0

[Event "XXVI Ogolnopolska Olimpiada Mlodziezy"]
[Site "Pulawy"]
[Date "2020.10.11"]
[Round "9.11"]
[White "Pietryk, Joanna"]
[Black "Zapalowska, Wiktoria"]
[Result "1-0"]
[WhiteElo "1387"]
[BlackElo "1209"]
[PlyCount "69"]
[EventDate "2020.10.04"]
[EventType "swiss"]
[Tiebreak "Sum of Buchholz+Median1 Buchholz+Sonneborn-Berger (Swiss)"]

1. e4 c5 2. Nf3 e6 3. d4 cxd4 4. Nxd4 Nc6 5. Nc3 Qc7 6. g3 a6 7. Bg2 Nf6 8. O-O
Nxd4 9. Qxd4 Bc5 10. Qd3 Ng4 11. h3 Ne5 12. Qe2 b5 13. Kh1 Bb7 14. f4 Nc6 15.
Be3 Bxe3 16. Qxe3 O-O 17. f5 exf5 18. exf5 Nb4 19. Rf2 Rfe8 20. Qg5 f6 21. Qg4
Bxg2+ 22. Rxg2 Nc6 23. Nd5 Qe5 24. Rd1 Rad8 25. c3 Kh8 26. Nf4 Qe4 27. Qh5 Ne5
28. Rdd2 g6 29. fxg6 Nxg6 30. Rde2 Nxf4 31. gxf4 Qa8 32. Qf7 Qxg2+ 33. Rxg2
Re1+ 34. Kh2 Re6 35. Qg7# 1-0

[Event "XXVI Ogolnopolska Olimpiada Mlodziezy"]
[Site "Pulawy"]
[Date "2020.10.11"]
[Round "9.11"]
[White "Szopa, Emilia"]
[Black "Nowak, Zuzanna"]
[Result "0-1"]
[WhiteElo "1790"]
[BlackElo "1292"]
[PlyCount "68"]
[EventDate "2020.10.04"]
[EventType "swiss"]
[Tiebreak "Sum of Buchholz+Median1 Buchholz+Sonneborn-Berger (Swiss)"]

1. e4 e5 2. Nf3 Nc6 3. Bc4 Nf6 4. d3 h6 5. O-O d6 6. c3 g6 7. d4 Qe7 8. Re1 Bg7
9. Nbd2 O-O 10. Bd3 Nd7 11. Nc4 Kh7 12. dxe5 Ndxe5 13. Nfxe5 Nxe5 14. Nxe5 dxe5
15. f4 f5 16. exf5 Bxf5 17. Bxf5 Rxf5 18. g4 Rf7 19. Qf3 Qh4 20. Be3 exf4 21.
Bf2 Qg5 22. h4 Qb5 23. Qe4 Rd8 24. h5 Rd6 25. Rad1 Rdf6 26. Bd4 Ra6 27. Bxg7
Kxg7 28. Qd4+ Raf6 29. hxg6 Kxg6 30. Qe4+ Kg7 31. Rd5 Qxb2 32. g5 Rg6 33. Qe5+
Kh7 34. Qe4 f3 0-1

[Event "XXVI Ogolnopolska Olimpiada Mlodziezy"]
[Site "Pulawy"]
[Date "2020.10.11"]
[Round "9.12"]
[White "Jozwik, Michal"]
[Black "Liskiewicz, Jakub"]
[Result "1-0"]
[WhiteElo "1466"]
[BlackElo "1622"]
[PlyCount "51"]
[EventDate "2020.10.04"]
[EventType "swiss"]
[Tiebreak "Sum of Buchholz+Median1 Buchholz+Sonneborn-Berger (Swiss)"]

1. d4 d5 2. c4 e6 3. Nc3 Nf6 4. Bg5 Nbd7 5. cxd5 exd5 6. e3 c6 7. Bd3 Be7 8.
Qc2 O-O 9. Nf3 Re8 10. O-O Nf8 11. Rab1 Ne4 12. Bxe7 Qxe7 13. Bxe4 dxe4 14. Nd2
f5 15. b4 Ng6 16. b5 cxb5 17. Nd5 Qg5 18. Nc7 Nh4 19. g3 Bd7 20. Nxa8 Nf3+ 21.
Nxf3 exf3 22. Nc7 Re4 23. Nd5 Rh4 24. Nf4 Qg4 25. Qc7 Be8 26. Qd8 1-0

[Event "XXVI Ogolnopolska Olimpiada Mlodziezy"]
[Site "Pulawy"]
[Date "2020.10.11"]
[Round "9.12"]
[White "Mitrega, Wiktoria"]
[Black "Wojs, Alicja"]
[Result "1/2-1/2"]
[WhiteElo "1064"]
[BlackElo "1392"]
[PlyCount "66"]
[EventDate "2020.10.04"]
[EventType "swiss"]
[Tiebreak "Sum of Buchholz+Median1 Buchholz+Sonneborn-Berger (Swiss)"]

1. b4 d5 2. Bb2 Bf5 3. e3 e6 4. a3 Nf6 5. c4 c6 6. cxd5 exd5 7. d4 Bd6 8. Bd3
Bg6 9. Bxg6 hxg6 10. Nf3 Nbd7 11. Nbd2 O-O 12. O-O Re8 13. h3 Ne4 14. Nxe4 Rxe4
15. Qc2 Nf6 16. Rfe1 Re8 17. Re2 Ne4 18. Rae1 f5 19. Nd2 Nf6 20. Qd3 Nh5 21.
Nf3 Qf6 22. Qc2 g5 23. Nh2 Qe6 24. g3 Nxg3 25. fxg3 Bxg3 26. Rf1 f4 27. Ng4 Re7
28. Kg2 Rf7 29. exf4 Qd6 30. fxg5 Rxf1 31. Kxf1 Qf4+ 32. Kg2 Rf8 33. Ne5 Rf6
1/2-1/2

[Event "XXVI Ogolnopolska Olimpiada Mlodziezy"]
[Site "Pulawy"]
[Date "2020.10.11"]
[Round "9.12"]
[White "Romejko, Jagoda"]
[Black "Grzesik, Nikola"]
[Result "0-1"]
[WhiteElo "1257"]
[BlackElo "1340"]
[PlyCount "120"]
[EventDate "2020.10.04"]
[EventType "swiss"]
[Tiebreak "Sum of Buchholz+Median1 Buchholz+Sonneborn-Berger (Swiss)"]

1. e4 c5 2. Nf3 Nc6 3. d4 cxd4 4. Nxd4 g6 5. c4 Bg7 6. Be3 d6 7. Nc3 Nf6 8. Be2
O-O 9. O-O a6 10. f4 Qc7 11. Rc1 Nxd4 12. Bxd4 e5 13. Be3 Bd7 14. Nd5 Nxd5 15.
Qxd5 Bc6 16. Qd3 Rfe8 17. f5 Qe7 18. Rcd1 Qh4 19. fxg6 hxg6 20. Bf3 Bf8 21. Qd2
Qe7 22. Qf2 Qe6 23. b3 b5 24. Qh4 bxc4 25. Bg4 Qe7 26. Bg5 Qa7+ 27. Kh1 Qc7 28.
Bf6 Bg7 29. bxc4 Bxe4 30. Bxg7 Kxg7 31. Qf6+ Kg8 32. Rxd6 Qe7 33. Rxa6 Qxf6 34.
Rfxf6 Rxa6 35. Rxa6 Rb8 36. h3 Rb1+ 37. Kh2 Rb2 38. h4 Rxg2+ 39. Kh3 Rc2 40.
Ra4 Bc6 41. Rb4 Rxa2 42. Rb8+ Kg7 43. Rc8 Be4 44. c5 Rd2 45. c6 f5 46. Re8 Bxc6
47. Rxe5 Rd3+ 48. Kh2 fxg4 49. Rg5 Rh3+ 50. Kg1 Rxh4 51. Kf2 Bf3 52. Kg3 Rh5
53. Rxh5 gxh5 54. Kh4 Kf6 55. Kg3 Kf5 56. Kf2 Kf4 57. Kg1 Kg3 58. Kf1 Kh2 59.
Kf2 g3+ 60. Kxf3 g2 0-1

[Event "XXVI Ogolnopolska Olimpiada Mlodziezy"]
[Site "Pulawy"]
[Date "2020.10.11"]
[Round "9.12"]
[White "Trzebinski, Patryk"]
[Black "Starosciak, Szymon"]
[Result "0-1"]
[WhiteElo "1837"]
[BlackElo "1926"]
[PlyCount "76"]
[EventDate "2020.10.04"]
[EventType "swiss"]
[Tiebreak "Sum of Buchholz+Median1 Buchholz+Sonneborn-Berger (Swiss)"]

1. e4 c5 2. Nf3 d6 3. d4 cxd4 4. Qxd4 Nc6 5. Bb5 Bd7 6. Bxc6 Bxc6 7. c4 e6 8.
Nc3 Nf6 9. Be3 Be7 10. O-O O-O 11. h3 a6 12. a4 Rc8 13. a5 Nd7 14. Qd2 Ne5 15.
Bb6 Nxf3+ 16. gxf3 Qe8 17. f4 f5 18. f3 Qh5 19. Kh2 Rf6 20. b4 Rh6 21. Qg2 Bf6
22. Rac1 Rg6 23. Qd2 Bxc3 24. Rxc3 fxe4 25. fxe4 Bxe4 26. Rf2 d5 27. cxd5 Rxc3
28. Qxc3 Qxd5 29. Qc8+ Kf7 30. Qc7+ Kg8 31. Qc8+ Kf7 32. Bc5 Rf6 33. Qf8+ Kg6
34. Qe8+ Kh6 35. Qb8 Qd1 36. Qe5 Qh1+ 37. Kg3 Qg1+ 38. Kh4 Rxf4+ 0-1

[Event "XXVI Ogolnopolska Olimpiada Mlodziezy"]
[Site "Pulawy"]
[Date "2020.10.11"]
[Round "9.13"]
[White "Duda, Aleksandra"]
[Black "Zielinska, Aleksandra"]
[Result "0-1"]
[WhiteElo "1046"]
[BlackElo "1384"]
[PlyCount "62"]
[EventDate "2020.10.04"]
[EventType "swiss"]
[Tiebreak "Sum of Buchholz+Median1 Buchholz+Sonneborn-Berger (Swiss)"]

1. e4 c5 2. Nc3 Nc6 3. d3 d6 4. Be3 Nf6 5. Qd2 g6 6. g3 Bg7 7. Bh6 Bxh6 8. Qxh6
Qb6 9. O-O-O Be6 10. Bh3 O-O-O 11. Nf3 Kb8 12. Bxe6 fxe6 13. Qh3 Nd4 14. Ng5
Rhf8 15. Nxe6 Nxe6 16. Qxe6 Rde8 17. f4 a6 18. Nd5 Nxd5 19. Qxd5 Rd8 20. Qb3
Qc7 21. Rdf1 Qd7 22. Rhg1 Qh3 23. Rf2 e6 24. Qb6 Kc8 25. Qa5 e5 26. Rgf1 exf4
27. gxf4 Qe3+ 28. Qd2 Qh3 29. f5 gxf5 30. Rxf5 Qxf1+ 31. Rxf1 Rxf1+ 0-1

[Event "XXVI Ogolnopolska Olimpiada Mlodziezy"]
[Site "Pulawy"]
[Date "2020.10.11"]
[Round "9.13"]
[White "Jaworski, Tymon"]
[Black "Sniadecki, Oskar"]
[Result "1-0"]
[WhiteElo "1580"]
[BlackElo "1577"]
[PlyCount "65"]
[EventDate "2020.10.04"]
[EventType "swiss"]
[Tiebreak "Sum of Buchholz+Median1 Buchholz+Sonneborn-Berger (Swiss)"]

1. e4 e6 2. d4 b6 3. Nc3 Bb7 4. Bd3 Bb4 5. Nge2 d6 6. O-O Bxc3 7. Nxc3 Nd7 8.
Qg4 Ngf6 9. Qg3 e5 10. d5 a6 11. Qxg7 Rg8 12. Qh6 Rg6 13. Qh4 Qe7 14. Be2 Qf8
15. Bf3 O-O-O 16. Ne2 Ne8 17. Ng3 Ng7 18. Bh6 f6 19. Qh3 Qf7 20. Bg4 Re8 21.
Nf5 Rg8 22. Nxg7 R8xg7 23. Bxg7 Rxg7 24. Bxd7+ Qxd7 25. Qxd7+ Kxd7 26. f4 Ke7
27. fxe5 fxe5 28. Rf3 c6 29. c4 cxd5 30. cxd5 Bc8 31. Rc1 Bd7 32. Rc7 Kd8 33.
Ra7 1-0

[Event "XXVI Ogolnopolska Olimpiada Mlodziezy"]
[Site "Pulawy"]
[Date "2020.10.11"]
[Round "9.13"]
[White "Para, Aleksandra"]
[Black "Giemza, Julia"]
[Result "0-1"]
[WhiteElo "1191"]
[BlackElo "1279"]
[PlyCount "82"]
[EventDate "2020.10.04"]
[EventType "swiss"]
[Tiebreak "Sum of Buchholz+Median1 Buchholz+Sonneborn-Berger (Swiss)"]

1. e4 d5 2. exd5 Nf6 3. Bb5+ Bd7 4. Be2 Nxd5 5. d4 Bf5 6. a3 e6 7. Nf3 c5 8. c4
Nb6 9. Be3 N8d7 10. Nc3 Be7 11. O-O O-O 12. h3 Rc8 13. dxc5 Nxc5 14. Bxc5 Bxc5
15. b4 Be7 16. c5 Nd7 17. Rc1 Nf6 18. Nd4 Bg6 19. Bf3 e5 20. Nb3 Qc7 21. Nb5
Qb8 22. g3 Rfd8 23. Qe1 e4 24. Be2 a6 25. Nc3 Nd5 26. Bc4 Nxc3 27. Qxc3 b5 28.
Be2 f5 29. Rcd1 Bf6 30. Rxd8+ Rxd8 31. Qc1 Bf7 32. Qc2 Qe5 33. Rb1 g5 34. Na5
Bd5 35. Qc1 f4 36. Qe1 f3 37. Bf1 h5 38. Qe3 Rd7 39. Qe1 h4 40. g4 Bd8 41. c6
Bc7 0-1

[Event "XXVI Ogolnopolska Olimpiada Mlodziezy"]
[Site "Pulawy"]
[Date "2020.10.11"]
[Round "9.13"]
[White "Wojdak, Jan"]
[Black "Zeissel, Andrzej"]
[Result "1-0"]
[WhiteElo "1910"]
[BlackElo "1437"]
[PlyCount "45"]
[EventDate "2020.10.04"]
[EventType "swiss"]
[Tiebreak "Sum of Buchholz+Median1 Buchholz+Sonneborn-Berger (Swiss)"]

1. d4 f5 2. c4 Nf6 3. e3 g6 4. Nf3 Bg7 5. b4 O-O 6. Bb2 d6 7. Be2 Qe8 8. Qb3 c6
9. Nc3 e5 10. dxe5 dxe5 11. c5+ Be6 12. Bc4 Bxc4 13. Qxc4+ Kh8 14. Rd1 Nbd7 15.
Ng5 e4 16. Ne2 Nd5 17. Bxg7+ Kxg7 18. Qd4+ Kh6 19. Nf4 Kxg5 20. Qg7 Nxf4 21.
exf4+ Kxf4 22. Rxd7 Qe5 23. g3+ 1-0

[Event "XXVI Ogolnopolska Olimpiada Mlodziezy"]
[Site "Pulawy"]
[Date "2020.10.11"]
[Round "9.14"]
[White "Jaszczuk, Piotr"]
[Black "Nagly, Wojciech"]
[Result "1-0"]
[WhiteElo "1312"]
[BlackElo "1545"]
[PlyCount "157"]
[EventDate "2020.10.04"]
[EventType "swiss"]
[Tiebreak "Sum of Buchholz+Median1 Buchholz+Sonneborn-Berger (Swiss)"]

1. e4 c5 2. Nf3 Nc6 3. d4 cxd4 4. Nxd4 g6 5. Nc3 Bg7 6. Be3 Nf6 7. f3 O-O 8.
Qd2 d5 9. exd5 Nxd5 10. Nxc6 bxc6 11. Bd4 e5 12. Bc5 Re8 13. Ne4 Qc7 14. O-O-O
Nf4 15. Bc4 Be6 16. Bxe6 Nxe6 17. Qd7 Qa5 18. Ba3 Bh6+ 19. Kb1 Rab8 20. Nf6+
Kh8 21. Qxf7 Ng7 22. Bd6 Qc3 23. Bxb8 Rxb8 24. b3 Qb4 25. Rd7 Rf8 26. Qe6 Bg5
27. Rxg7 Kxg7 28. Ne8+ Kh6 29. Nd6 Rf6 30. Qh3+ Qh4 31. Qxh4+ Bxh4 32. Nc4 Re6
33. Rd1 e4 34. fxe4 Rxe4 35. g3 Bf6 36. Na5 c5 37. Nb7 Re5 38. Nd6 Re2 39. Nb5
a5 40. Nc7 Rxh2 41. Ne6 c4 42. bxc4 g5 43. c5 g4 44. c6 Rh5 45. c4 Be5 46. c7
Bxc7 47. Nxc7 Rc5 48. Rd6+ Kh5 49. Rd5+ Rxd5 50. cxd5 Kg6 51. Ne6 Kf6 52. Nf4
Ke5 53. Kb2 h5 54. Nxh5 Kxd5 55. Nf6+ Ke5 56. Nxg4+ Kf5 57. Ne3+ Ke4 58. g4
Kxe3 59. g5 Kd4 60. g6 Kc4 61. g7 Kb4 62. g8=Q a4 63. Qg4+ Ka5 64. Ka3 Kb5 65.
Qxa4+ Kc5 66. Qb4+ Kd5 67. Kb3 Ke5 68. Qc4 Kd6 69. Qb5 Ke6 70. a4 Kf6 71. a5
Ke6 72. a6 Kd6 73. a7 Ke6 74. a8=R Kd6 75. Ra6+ Kc7 76. Qb6+ Kc8 77. Qc6+ Kd8
78. Qb7 Ke8 79. Ra8# 1-0

[Event "XXVI Ogolnopolska Olimpiada Mlodziezy"]
[Site "Pulawy"]
[Date "2020.10.11"]
[Round "9.14"]
[White "Madajczak, Piotr"]
[Black "Jaskulski, Jan"]
[Result "1/2-1/2"]
[WhiteElo "1814"]
[BlackElo "1619"]
[PlyCount "96"]
[EventDate "2020.10.04"]
[EventType "swiss"]
[Tiebreak "Sum of Buchholz+Median1 Buchholz+Sonneborn-Berger (Swiss)"]

1. e4 c5 2. Nc3 g6 3. f4 Bg7 4. Nf3 Nc6 5. g3 e6 6. Bg2 Nge7 7. O-O O-O 8. Re1
d5 9. e5 Nf5 10. d3 Nfd4 11. Ne2 Nxf3+ 12. Bxf3 b5 13. d4 c4 14. c3 b4 15. Bd2
Rb8 16. g4 bxc3 17. Bxc3 Nb4 18. Qd2 Nd3 19. Rf1 f6 20. Nc1 Nxc1 21. Raxc1 fxe5
22. fxe5 Rb7 23. Qe2 Bh6 24. Rcd1 Rbf7 25. Bb4 Re8 26. Bg2 Rxf1+ 27. Rxf1 a5
28. Bd2 Bxd2 29. Qxd2 a4 30. a3 Rf8 31. Rxf8+ Qxf8 32. Qa5 Bd7 33. Qc7 Be8 34.
Qd8 Bf7 35. Qxf8+ Kxf8 36. h4 h6 37. Kf2 Ke7 38. Ke3 Kd7 39. Bf3 Kc6 40. Bd1
Kb5 41. Bc2 Be8 42. Bd1 Bf7 43. Kf4 Be8 44. Bf3 Bf7 45. Ke3 Be8 46. Bd1 Bf7 47.
Kf4 Be8 48. Kg3 Bf7 1/2-1/2

[Event "XXVI Ogolnopolska Olimpiada Mlodziezy"]
[Site "Pulawy"]
[Date "2020.10.11"]
[Round "9.14"]
[White "Predkiewicz, Paulina"]
[Black "Marczyk, Kinga"]
[Result "0-1"]
[WhiteElo "1243"]
[BlackElo "1306"]
[PlyCount "108"]
[EventDate "2020.10.04"]
[EventType "swiss"]
[Tiebreak "Sum of Buchholz+Median1 Buchholz+Sonneborn-Berger (Swiss)"]

1. e4 c5 2. Nf3 d6 3. d4 cxd4 4. Nxd4 Nf6 5. Nc3 Nc6 6. Bc4 e6 7. O-O Be7 8.
Be3 O-O 9. Bb3 Bd7 10. f4 Nxd4 11. Bxd4 Bc6 12. Re1 b5 13. a3 a5 14. e5 dxe5
15. fxe5 Nd7 16. Qe2 Nc5 17. Qg4 Nxb3 18. cxb3 b4 19. Ne2 Qd5 20. Rad1 Bc5 21.
Nf4 Bxd4+ 22. Kh1 Qd7 23. Nh5 f5 24. exf6 e5 25. Qg5 h6 26. Qg3 Qf7 27. Rf1 g6
28. Ng7 Bb5 29. Ne6 Bxf1 30. Nxf8 Bxg2+ 31. Qxg2 Rxf8 32. Rf1 bxa3 33. bxa3 Rb8
34. Rf3 Bc5 35. Qh3 h5 36. Qg3 Re8 37. Qg5 Bxa3 38. Rc3 Qd5+ 39. Kg1 Bc5+ 40.
Re3 Qd1+ 41. Kg2 Qc2+ 42. Kg3 Bxe3 43. Qxe3 Qf5 44. Qb6 Qg4+ 45. Kf2 Qd4+ 46.
Qxd4 exd4 47. b4 d3 48. f7+ Kxf7 49. bxa5 d2 50. a6 d1=Q 51. h4 Qe1+ 52. Kg2
Re3 53. a7 Qg3+ 54. Kf1 Re1# 0-1

[Event "XXVI Ogolnopolska Olimpiada Mlodziezy"]
[Site "Pulawy"]
[Date "2020.10.11"]
[Round "9.14"]
[White "Skolska, Emilia"]
[Black "Golinska, Patrycja"]
[Result "1-0"]
[WhiteElo "1401"]
[BlackElo "1264"]
[PlyCount "57"]
[EventDate "2020.10.04"]
[EventType "swiss"]
[Tiebreak "Sum of Buchholz+Median1 Buchholz+Sonneborn-Berger (Swiss)"]

1. e4 e5 2. Nf3 Nc6 3. d4 exd4 4. Bc4 d6 5. Nxd4 Nxd4 6. Qxd4 Nf6 7. O-O Be7 8.
Nc3 O-O 9. h3 Be6 10. Bf4 Qd7 11. Rad1 Nh5 12. Bh2 Bxh3 13. gxh3 Qxh3 14. Rd3
Qg4+ 15. Kh1 Bf6 16. Qe3 Be5 17. Qh3 Qg6 18. Rg1 Qh6 19. Bxe5 dxe5 20. Rd5 Rfe8
21. Be2 Re6 22. Bxh5 Rg6 23. Rxg6 fxg6 24. Bg4 Qc1+ 25. Kg2 Rf8 26. Rd3 Qxc2
27. Be6+ Kh8 28. Qxh7+ Kxh7 29. Rh3# 1-0

[Event "XXVI Ogolnopolska Olimpiada Mlodziezy"]
[Site "Pulawy"]
[Date "2020.10.11"]
[Round "9.15"]
[White "Duda, Szymon"]
[Black "Rosa, Antoni"]
[Result "1/2-1/2"]
[WhiteElo "1529"]
[BlackElo "1419"]
[PlyCount "66"]
[EventDate "2020.10.04"]
[EventType "swiss"]
[Tiebreak "Sum of Buchholz+Median1 Buchholz+Sonneborn-Berger (Swiss)"]

1. Nf3 Nf6 2. d4 d5 3. c4 e6 4. cxd5 exd5 5. Nc3 Be7 6. Bf4 c6 7. e3 O-O 8. Qc2
Nh5 9. Bg3 g6 10. Bd3 Be6 11. Ne2 Nd7 12. O-O Bg4 13. Nd2 Bg5 14. Bd6 Be7 15.
Bg3 Bxe2 16. Bxe2 Nxg3 17. hxg3 Rc8 18. Qb3 Qb6 19. Rab1 Rfe8 20. Rfc1 Bb4 21.
Nf3 Bd6 22. Qxb6 Nxb6 23. b4 a6 24. Nd2 Ra8 25. a3 Re7 26. Nb3 Nd7 27. Na5 Nf6
28. Bd3 Ng4 29. Be2 f5 30. Bxg4 fxg4 31. Rc2 Kf7 32. Kf1 Ke6 33. Ke2 Rf7
1/2-1/2

[Event "XXVI Ogolnopolska Olimpiada Mlodziezy"]
[Site "Pulawy"]
[Date "2020.10.11"]
[Round "9.15"]
[White "Jaros, Emilia"]
[Black "Kawa, Anna"]
[Result "0-1"]
[WhiteElo "1295"]
[BlackElo "1152"]
[PlyCount "144"]
[EventDate "2020.10.04"]
[EventType "swiss"]
[Tiebreak "Sum of Buchholz+Median1 Buchholz+Sonneborn-Berger (Swiss)"]

1. e4 g6 2. Nf3 Bg7 3. d4 c6 4. Nc3 d5 5. exd5 cxd5 6. Bf4 Nf6 7. Bd3 Bg4 8. h3
Bxf3 9. Qxf3 Nc6 10. Nb5 O-O 11. c3 a6 12. Na3 Qb6 13. Rb1 Qa5 14. O-O b5 15.
Qe3 b4 16. cxb4 Nxb4 17. Ra1 Qb6 18. Rfb1 Nh5 19. Rd1 Bxd4 20. Qf3 Nxf4 21.
Qxf4 Bxb2 22. Rab1 Bxa3 23. Qd2 Qd4 24. Rb3 Nxd3 25. Rxa3 Qxf2+ 26. Qxf2 Nxf2
27. Kxf2 e6 28. g4 Rfc8 29. Rd2 a5 30. Rb2 Rc5 31. Ke3 Rac8 32. Kd2 Kg7 33. g5
h6 34. gxh6+ Kxh6 35. Rf3 R8c7 36. a3 Kg5 37. Re3 Rc4 38. Rf3 Rf4 39. Rxf4 Kxf4
40. Rb3 e5 41. Rb5 Ra7 42. Rxd5 f5 43. Rd3 e4 44. Rd6 Rh7 45. Ra6 Rxh3 46. Rxa5
e3+ 47. Kd3 Kf3 48. Re5 Kf2 49. Kc2 e2 50. Kd2 Rxa3 51. Rxe2+ Kf3 52. Re1 g5
53. Rg1 g4 54. Rf1+ Ke4 55. Re1+ Kf4 56. Rf1+ Rf3 57. Rg1 Rf2+ 58. Kd3 g3 59.
Kd4 g2 60. Kd5 Kf3 61. Ke5 Rf1 62. Rxg2 Kxg2 63. Kd4 Re1 64. Kd5 f4 65. Kd4 f3
66. Kd5 f2 67. Kd4 f1=Q 68. Kd5 Qd3+ 69. Kc5 Rc1+ 70. Kb4 Rc2 71. Ka4 Rb2 72.
Ka5 Qb5# 0-1

[Event "XXVI Ogolnopolska Olimpiada Mlodziezy"]
[Site "Pulawy"]
[Date "2020.10.11"]
[Round "9.15"]
[White "Krupinski, Mikolaj"]
[Black "Kutowski, Marcel"]
[Result "1-0"]
[WhiteElo "1776"]
[BlackElo "1712"]
[PlyCount "73"]
[EventDate "2020.10.04"]
[EventType "swiss"]
[Tiebreak "Sum of Buchholz+Median1 Buchholz+Sonneborn-Berger (Swiss)"]

1. e4 c6 2. d4 d5 3. exd5 cxd5 4. Bd3 Nc6 5. c3 Qc7 6. Ne2 Bg4 7. O-O e6 8. Qe1
Nf6 9. f3 Bh5 10. Qh4 Rg8 11. Bf4 Bd6 12. Bxd6 Qxd6 13. Qf4 Qe7 14. Nd2 g5 15.
Qe3 O-O-O 16. b4 Qd6 17. a4 Bg6 18. a5 Nh5 19. Bxg6 Rxg6 20. b5 Ne7 21. c4 Nf4
22. c5 Nf5 23. Qxf4 Qxf4 24. Nxf4 gxf4 25. Nb3 Rdg8 26. Ra2 Ne3 27. Rff2 f6 28.
b6 a6 29. c6 bxc6 30. Nc5 e5 31. Rfb2 Kb8 32. Nxa6+ Kb7 33. Nc5+ Ka8 34. b7+
Ka7 35. Nd7 Rb8 36. Nxb8 Kxb8 37. a6 1-0

[Event "XXVI Ogolnopolska Olimpiada Mlodziezy"]
[Site "Pulawy"]
[Date "2020.10.11"]
[Round "9.15"]
[White "Labedz, Gabriela"]
[Black "Staniewicz, Adrianna"]
[Result "1/2-1/2"]
[WhiteElo "1240"]
[BlackElo "1382"]
[PlyCount "125"]
[EventDate "2020.10.04"]
[EventType "swiss"]
[Tiebreak "Sum of Buchholz+Median1 Buchholz+Sonneborn-Berger (Swiss)"]

1. e4 c5 2. Nf3 Nc6 3. d4 cxd4 4. Nxd4 Qc7 5. c4 a6 6. Nc3 e6 7. a3 Na5 8. Qd3
Nf6 9. b4 Nc6 10. Nxc6 dxc6 11. c5 b6 12. cxb6 Qxb6 13. Bf4 Bb7 14. O-O-O Qxf2
15. Be3 Qh4 16. Be2 Be7 17. Rdf1 Rd8 18. Qc2 Ng4 19. Bxg4 Qxg4 20. Qf2 O-O 21.
Bd4 Qg5+ 22. Kc2 Qg6 23. h4 c5 24. h5 Bxe4+ 25. Kb2 Qxg2 26. Nxe4 Qxf2+ 27.
Bxf2 cxb4 28. axb4 Bxb4 29. Bc5 Bxc5 30. Nxc5 Ra8 31. h6 Rfc8 32. Ne4 Rab8+ 33.
Ka3 f5 34. Ng5 Rc3+ 35. Ka2 Rc5 36. Rf3 Rc2+ 37. Ka1 Rc5 38. Ka2 g6 39. Nxe6
Rc2+ 40. Ka1 a5 41. Ra3 Ra8 42. Rd1 Rh2 43. Rd8+ Rxd8 44. Nxd8 Rxh6 45. Rxa5 f4
46. Ne6 Rh4 47. Ra4 h6 48. Rxf4 Rxf4 49. Nxf4 Kf7 50. Kb2 g5 51. Nh5 Kg6 52.
Ng3 h5 53. Kc3 h4 54. Nf1 Kh5 55. Kd3 Kg4 56. Ke3 h3 57. Ke4 Kh4 58. Kf3 g4+
59. Kf2 Kg5 60. Kg3 Kf5 61. Ne3+ Ke4 62. Nxg4 h2 63. Kxh2 1/2-1/2